[Event "14. Lichtenberger Sommer"]
[Site "14. Lichtenberger Sommer"]
[Date "2015.08.23"]
[Round "9.39"]
[White "Hahlbohm, Matthias"]
[Black "Seefeld, Marc"]
[Result "1-0"]
[WhiteElo "2069"]
[BlackElo "1894"]
[PlyCount "119"]
[EventDate "2015.??.??"]
[WhiteTeam "TSG Oberschöneweide"]
[BlackTeam "Läufer Reinickendorf"]

1. e4 c5 2. Nf3 d6 3. d4 cxd4 4. Nxd4 Nf6 5. Nc3 a6 6. Be2 e5 7. Nb3 Be7 8. Be3
Be6 9. Nd5 Bxd5 10. exd5 Nbd7 11. a4 O-O 12. O-O Rc8 13. c4 Ne4 14. f3 Nec5 15.
Nxc5 dxc5 16. Qc2 Nf6 17. Rfd1 Qc7 18. Rd2 Rfd8 19. Rad1 h6 20. Bf2 Bd6 21. g3
Re8 22. Bd3 Re7 23. Kg2 Rce8 24. Re2 Kh8 25. Be1 a5 26. Bc3 b6 27. b3 Nd7 28.
Rde1 Nf8 29. Qb2 f6 30. Bb1 Qd7 31. Re4 Qc7 32. Qc2 Qd7 33. R4e3 Qc7 34. R3e2
Qd7 35. Qe4 Rd8 36. Qh4 Qe8 37. Bf5 Qf7 38. Kg1 Rde8 39. Bd2 h5 40. Bb1 g6 41.
Kh1 Nd7 42. Qh3 Rg8 43. Rg1 g5 44. Qf5 Nf8 45. Qc2 Qh7 46. Qc3 Qf7 47. Reg2 Re8
48. Bf5 Re7 49. Qd3 Rg7 50. Qe4 Qe8 51. h4 Rg8 52. Rh2 Reg7 53. g4 Ng6 54. hxg5
fxg5 55. Bxg5 Be7 56. Be3 Nh4 57. Be6 Rf8 58. Bh6 Nxf3 59. Bxg7+ Kxg7 60. Rxh5
1-0

[Event "14. Lichtenberger Sommer"]
[Site "14. Lichtenberger Sommer"]
[Date "2015.08.23"]
[Round "9.40"]
[White "Albinus, Günter"]
[Black "Badestein, Hartmut"]
[Result "0-1"]
[WhiteElo "1887"]
[BlackElo "2055"]
[PlyCount "76"]
[EventDate "2015.??.??"]
[WhiteTeam "SG Weißensee 49"]
[BlackTeam "SC Friesen Lichtenberg"]

1. Nf3 Nf6 2. b3 d6 3. d4 g6 4. Bb2 Bg7 5. Nbd2 O-O 6. e3 Nbd7 7. Be2 Re8 8.
O-O a5 9. c4 e5 10. Qc2 e4 11. Ng5 Qe7 12. Nh3 Nf8 13. Nf4 c6 14. Ba3 g5 15.
Nh3 h6 16. Rfe1 Ng6 17. Kh1 Nh4 18. Ng1 g4 19. Bf1 Bf5 20. Ne2 Nh5 21. Bb2 Qf6
22. Rab1 Bg6 23. Kg1 d5 24. Ng3 Nxg3 25. hxg3 Nf5 26. Be2 h5 27. c5 Bh6 28. Nf1
Kg7 29. Bc3 Rh8 30. a4 h4 31. Bxg4 hxg3 32. Bh3 gxf2+ 33. Qxf2 Bg5 34. Rec1
Rxh3 35. gxh3 Rh8 36. Kg2 Bh5 37. Bd2 Bf3+ 38. Kh2 Rxh3+ 0-1

[Event "14. Lichtenberger Sommer"]
[Site "14. Lichtenberger Sommer"]
[Date "2015.08.23"]
[Round "9.41"]
[White "Heerde, Thomas"]
[Black "Landt, Stefan"]
[Result "1-0"]
[WhiteElo "1967"]
[BlackElo "1903"]
[PlyCount "51"]
[EventDate "2015.??.??"]
[WhiteTeam "SC Weisse Dame (Berlin)"]
[BlackTeam "SV Berolina Mitte"]

1. e4 c6 2. d3 d5 3. Nd2 e5 4. g3 Nf6 5. Bg2 Bc5 6. Ngf3 dxe4 7. dxe4 O-O 8.
O-O Qc7 9. b3 Rd8 10. Qe2 b6 11. Bb2 Ba6 12. Nc4 Bd4 13. Bxd4 exd4 14. e5 Qe7
15. Rfe1 Ne8 16. Rad1 Qc5 17. e6 Bxc4 18. bxc4 f6 19. e7 Rd6 20. Nxd4 Nd7 21.
Nb3 Qa3 22. c5 Rxd1 23. Qe6+ Kh8 24. Rxd1 Nxc5 25. Qxc6 Rc8 26. Qxc8 1-0

[Event "14. Lichtenberger Sommer"]
[Site "14. Lichtenberger Sommer"]
[Date "2015.08.23"]
[Round "9.42"]
[White "Glasser, Timon"]
[Black "Dreke, Frank"]
[Result "1-0"]
[WhiteElo "1720"]
[BlackElo "2003"]
[PlyCount "57"]
[EventDate "2015.??.??"]
[WhiteTeam "La Diagonale - Eybens"]
[BlackTeam "SV Mattnetz Berlin"]

1. Nf3 g6 2. c4 c5 3. Nc3 Bg7 4. g3 e5 5. Bg2 Ne7 6. d3 Nbc6 7. O-O d6 8. a3
O-O 9. Rb1 a5 10. Qb3 Rb8 11. Nb5 h6 12. e3 Kh7 13. Bd2 Be6 14. Nc3 d5 15. Rfd1
d4 16. exd4 exd4 17. Ne4 b6 18. Bf4 Ra8 19. Re1 Ra7 20. Re2 g5 21. Nexg5+ hxg5
22. Nxg5+ Kg8 23. Nxe6 fxe6 24. Rxe6 Rf6 25. Rbe1 a4 26. Qd1 Rxe6 27. Rxe6 Qc8
28. Qe2 Qd7 29. Bxc6 1-0

[Event "14. Lichtenberger Sommer"]
[Site "14. Lichtenberger Sommer"]
[Date "2015.08.23"]
[Round "9.43"]
[White "Zeller, Elisa"]
[Black "Nabel, Matthias"]
[Result "1-0"]
[WhiteElo "1947"]
[BlackElo "1802"]
[PlyCount "97"]
[EventDate "2015.??.??"]
[WhiteTeam "SF Göppingen"]
[BlackTeam "SV Motor Wildau"]

1. e4 e6 2. d4 d5 3. Nd2 Be7 4. Bd3 c5 5. c3 Nc6 6. Ne2 Nf6 7. e5 Nd7 8. Nf3
O-O 9. O-O f6 10. Nf4 Ndxe5 11. dxe5 fxe5 12. Nh3 e4 13. Nfg5 exd3 14. Qxd3 g6
15. Qe3 d4 16. cxd4 Qxd4 17. Qb3 Qd5 18. Qe3 Qd4 19. Qb3 Qd5 20. Qg3 Nd4 21.
Qh4 h5 22. Qe4 Qxe4 23. Nxe4 e5 24. Bg5 Bxg5 25. Nhxg5 b6 26. Nc3 Bb7 27. f3 b5
28. Rae1 Rfe8 29. Nce4 Bxe4 30. Nxe4 Rec8 31. Nf6+ Kf7 32. Nd7 Rc7 33. Nxe5+
Kg7 34. Nd3 c4 35. Nf4 Kh6 36. Kf2 Rd7 37. Re5 Rad8 38. Rfe1 a6 39. Rc5 Nf5 40.
Rce5 Rd2+ 41. R1e2 R8d6 42. g4 hxg4 43. fxg4 Rxe2+ 44. Nxe2 Nd4 45. Ng3 Ne6 46.
Ne4 Nf4 47. g5+ Kh5 48. Kf3 Nd3 49. Re7 1-0

[Event "14. Lichtenberger Sommer"]
[Site "14. Lichtenberger Sommer"]
[Date "2015.08.23"]
[Round "9.44"]
[White "Schönberger, Kay"]
[Black "Kretzschmar, Jan"]
[Result "1-0"]
[WhiteElo "1918"]
[BlackElo "1830"]
[PlyCount "137"]
[EventDate "2015.??.??"]
[WhiteTeam "SV Koblenz"]
[BlackTeam "SC Kreuzberg"]

1. d4 d5 2. c4 e6 3. Nc3 Nf6 4. Bg5 Be7 5. e3 O-O 6. cxd5 exd5 7. Bd3 h6 8. Bh4
c6 9. Nge2 b6 10. O-O Re8 11. Rc1 Nbd7 12. a3 Bb7 13. Bb1 Nf8 14. Qd3 Nh5 15.
Bxe7 Rxe7 16. b4 Nf6 17. b5 cxb5 18. Nxb5 a6 19. Nbc3 Rc8 20. Rc2 Qd6 21. Na2
Rec7 22. Rfc1 Rc4 23. Nf4 b5 24. f3 a5 25. Rc3 Ba6 26. Qd2 b4 27. axb4 axb4 28.
Rxc4 Rxc4 29. Rxc4 dxc4 30. Qxb4 Qc7 31. Nc3 Qc6 32. Bc2 g5 33. Nfe2 Kg7 34.
Ba4 Qc7 35. Bb5 Bb7 36. Qxc4 Qe7 37. e4 g4 38. d5 Qa3 39. Qa2 Qc5+ 40. Kf1 Ng6
41. Qd2 Nh4 42. Qd4 Qxd4 43. Nxd4 gxf3 44. gxf3 Ng6 45. d6 Ne5 46. f4 Ned7 47.
e5 Nc5 48. exf6+ Kxf6 49. d7 Ke7 50. Nf5+ Kd8 51. Nxh6 Nxd7 52. Nxf7+ Ke7 53.
Ng5 Nc5 54. Kf2 Kf6 55. Ke3 Ne6 56. Nxe6 Kxe6 57. Bd3 Kf6 58. Kd4 Bf3 59. Ne4+
Kf5 60. Ke3 Bg2 61. Nf2+ Kf6 62. Ng4+ Kg7 63. Kd4 Bh3 64. Nf2 Bd7 65. Ke5 Bc6
66. Ne4 Ba4 67. Ke6 Bb3+ 68. Ke7 Bd5 69. Nd6 1-0

[Event "14. Lichtenberger Sommer"]
[Site "14. Lichtenberger Sommer"]
[Date "2015.08.23"]
[Round "9.45"]
[White "Jaeger, Andre"]
[Black "Körner, Helmut"]
[Result "1-0"]
[WhiteElo "1942"]
[BlackElo "1864"]
[PlyCount "81"]
[EventDate "2015.??.??"]
[WhiteTeam "SC Rochade (Berlin)"]
[BlackTeam "SF Nordost Berlin"]

1. d4 Nf6 2. c4 d6 3. Nf3 c6 4. Nc3 Nbd7 5. g3 Qc7 6. Bg2 e5 7. e4 Be7 8. O-O
O-O 9. h3 Re8 10. Be3 Bf8 11. Qc2 a6 12. Rac1 g6 13. Rfd1 Bg7 14. c5 dxc5 15.
dxc5 Nf8 16. Na4 Ne6 17. Nb6 Rb8 18. Nc4 Nd7 19. Nd6 Rd8 20. b4 Ndf8 21. Bf1
Bd7 22. Bc4 Be8 23. Qb3 Qe7 24. h4 h6 25. Kg2 Kh7 26. Rd2 Bf6 27. Rh1 b5 28.
Be2 a5 29. a3 axb4 30. axb4 Ra8 31. Qb2 Nc7 32. Rhd1 Qe6 33. Nh2 Be7 34. Ng4 f6
35. Bxh6 Ra4 36. Bxf8 Bxf8 37. Nxe8 Rxe8 38. Rd7+ Re7 39. R1d6 Qa2 40. Nxf6+
Kg7 41. Qxe5 1-0

[Event "14. Lichtenberger Sommer"]
[Site "14. Lichtenberger Sommer"]
[Date "2015.08.23"]
[Round "9.46"]
[White "Baier, Reinhard"]
[Black "Matitschka, Johannes"]
[Result "1/2-1/2"]
[WhiteElo "1976"]
[BlackElo "1542"]
[PlyCount "40"]
[EventDate "2015.??.??"]
[WhiteTeam "Berliner SchGes Eckbauer"]
[BlackTeam "TSG Oberschöneweide"]

1. e4 e5 2. Nc3 Nf6 3. f4 d5 4. fxe5 Nxe4 5. Nf3 Nc6 6. Bb5 Bc5 7. d4 Bb4 8.
Bd2 Nxd2 9. Qxd2 Bd7 10. O-O O-O 11. Bd3 Ne7 12. a3 Ba5 13. b4 Bb6 14. Kh1 c6
15. Ne2 Bf5 16. Ng3 Bxd3 17. Qxd3 Ng6 18. c3 Qd7 19. h3 f6 20. exf6 Rxf6
1/2-1/2

[Event "14. Lichtenberger Sommer"]
[Site "14. Lichtenberger Sommer"]
[Date "2015.08.23"]
[Round "9.47"]
[White "Rohde, Wolfgang"]
[Black "Matitschka, Heinz"]
[Result "1-0"]
[WhiteElo "2164"]
[BlackElo "1910"]
[PlyCount "77"]
[EventDate "2015.??.??"]
[WhiteTeam "SC Friesen Lichtenberg"]
[BlackTeam "TSG Oberschöneweide"]

1. d4 Nf6 2. c4 e6 3. Nc3 Bb4 4. Qc2 c5 5. dxc5 Bxc5 6. Nf3 Qb6 7. e3 Qc7 8. a3
b6 9. b4 Be7 10. Bb2 a6 11. Bd3 Bb7 12. Rc1 Nc6 13. Qb1 Ng4 14. Nd5 exd5 15.
cxd5 Bf6 16. dxc6 Bxc6 17. h3 Ne5 18. Bxe5 Bxe5 19. Nxe5 Qxe5 20. O-O Qd5 21.
f3 Qg5 22. Rf2 O-O 23. Re1 Rfe8 24. Bxh7+ Kh8 25. Be4 d5 26. f4 Qf6 27. Bf3
Rad8 28. Qb2 Qxb2 29. Rxb2 Ba4 30. Kf2 g6 31. Rd2 Bb3 32. Rd4 Re7 33. e4 Rde8
34. e5 f6 35. Re3 fxe5 36. fxe5 Bc4 37. Bxd5 Rd8 38. Rxc4 Rxd5 39. Rc6 1-0

[Event "14. Lichtenberger Sommer"]
[Site "14. Lichtenberger Sommer"]
[Date "2015.08.23"]
[Round "9.49"]
[White "Hannebauer, Torsten"]
[Black "Bergmann, Jens"]
[Result "1-0"]
[WhiteElo "2166"]
[BlackElo "1907"]
[PlyCount "61"]
[EventDate "2015.??.??"]
[WhiteTeam "DB Woltersdorf"]
[BlackTeam "SK Tempelhof 1931"]

1. e4 d5 2. exd5 Nf6 3. d4 Nxd5 4. c4 Nb4 5. a3 N4c6 6. Be3 g6 7. d5 Ne5 8. Bd4
f6 9. Bxe5 fxe5 10. Bd3 Bg7 11. Nc3 O-O 12. h4 e6 13. h5 Qg5 14. Be4 Na6 15.
hxg6 Nc5 16. Qh5 Qxh5 17. gxh7+ Kh8 18. Rxh5 exd5 19. cxd5 Nxe4 20. Nxe4 Bf5
21. Rh4 Rad8 22. Rd1 Bxe4 23. Rxe4 Kxh7 24. Nf3 Kg6 25. Ke2 Rd6 26. Rg4+ Kf6
27. Ng5 Kf5 28. f3 Bh6 29. Ne4 Rb6 30. Rh1 Rxb2+ 31. Kd3 1-0

[Event "14. Lichtenberger Sommer"]
[Site "14. Lichtenberger Sommer"]
[Date "2015.08.23"]
[Round "9.50"]
[White "Dittrich, Tom"]
[Black "Albrecht, Rainer"]
[Result "1/2-1/2"]
[WhiteElo "1813"]
[BlackElo "2072"]
[PlyCount "42"]
[EventDate "2015.??.??"]
[WhiteTeam "SG Stadtilm"]
[BlackTeam "SC Kreuzberg"]

1. e4 e6 2. d4 d5 3. Nc3 Bb4 4. e5 b6 5. a3 Bf8 6. f4 Nh6 7. Be3 Nf5 8. Bf2 h5
9. Nf3 Be7 10. Qd2 Ba6 11. Bxa6 Nxa6 12. Ne2 c5 13. Ng3 Nxd4 14. Nxd4 cxd4 15.
Bxd4 h4 16. Ne2 Nc5 17. Nc3 Qd7 18. Qf2 g6 19. O-O Kf8 20. Rad1 Rc8 21. Qe2 Rh5
1/2-1/2

[Event "14. Lichtenberger Sommer"]
[Site "14. Lichtenberger Sommer"]
[Date "2015.08.23"]
[Round "9.51"]
[White "Rollwitz, Jürgen"]
[Black "Ouadi, Wahbi"]
[Result "1-0"]
[WhiteElo "1950"]
[BlackElo "1962"]
[PlyCount "93"]
[EventDate "2015.??.??"]
[WhiteTeam "SC Rochade (Berlin)"]
[BlackTeam "La Diagonale - Eybens"]

1. e4 c6 2. d3 Nf6 3. Nf3 d6 4. Be2 e5 5. c3 Be6 6. Nbd2 Nbd7 7. Ng5 Qe7 8.
Nxe6 Qxe6 9. Qb3 Qxb3 10. axb3 Be7 11. b4 O-O 12. O-O d5 13. Bf3 h6 14. Nb3 b6
15. h3 Rfd8 16. Be3 Nf8 17. Ra6 Ne6 18. Rfa1 d4 19. cxd4 exd4 20. Bd2 Rd7 21.
Rxb6 axb6 22. Rxa8+ Kh7 23. g3 Rc7 24. Ra1 Nd7 25. Rc1 c5 26. bxc5 bxc5 27. Bg4
Rb7 28. Na5 Rxb2 29. Rd1 Ne5 30. Be2 Ra2 31. f4 c4 32. Nxc4 Nxc4 33. dxc4 Nc5
34. Bf3 Ra3 35. Kg2 Ra2 36. Kf1 Nd3 37. Be1 Nxe1 38. Kxe1 Bb4+ 39. Kf1 Bd2 40.
Be2 Be3 41. f5 Rc2 42. e5 Ra2 43. e6 fxe6 44. fxe6 Kg6 45. c5 Kf6 46. c6 Kxe6
47. Bc4+ 1-0

[Event "14. Lichtenberger Sommer"]
[Site "14. Lichtenberger Sommer"]
[Date "2015.08.23"]
[Round "9.52"]
[White "Püschel, Werner"]
[Black "Kautz, Stefan"]
[Result "1-0"]
[WhiteElo "2049"]
[BlackElo "1919"]
[PlyCount "147"]
[EventDate "2015.??.??"]
[WhiteTeam "Lasker Steglitz-Wilmersdorf"]
[BlackTeam "SC Empor Maulwurf Bonn"]

1. e4 c5 2. Nf3 d6 3. Bb5+ Nd7 4. a4 a6 5. Be2 Ngf6 6. Nc3 b6 7. d3 e6 8. b3
Bb7 9. O-O Be7 10. Bb2 O-O 11. h3 Qc7 12. Nd2 d5 13. g3 d4 14. Ncb1 b5 15. Bf3
e5 16. Bg4 Nxg4 17. hxg4 h6 18. Qe2 Nf6 19. Kg2 Bc8 20. axb5 Bxg4 21. f3 Bd7
22. bxa6 Qc8 23. Rh1 Rxa6 24. Rxa6 Qxa6 25. Na3 Be6 26. Nac4 Nd7 27. Ra1 Qb7
28. Qe1 Ra8 29. Qb1 f6 30. Ra2 Rxa2 31. Qxa2 Nb6 32. Nxb6 Qxb6 33. Qa8+ Kh7 34.
Ba3 Bd7 35. Qd5 Be6 36. Qa8 Bd7 37. Kf2 Be6 38. Qe8 Qd6 39. Qb5 Bf7 40. Nc4
Bxc4 41. Qxc4 Bf8 42. Bc1 Be7 43. Bd2 Bf8 44. Qf7 Qe7 45. Qd5 Qd6 46. Qb7 Qe7
47. Qa8 Qd6 48. g4 g5 49. Ba5 Qe7 50. Bb6 Qd6 51. Bd8 Be7 52. Ba5 Bf8 53. Qc8
Kg7 54. Ke2 Kg6 55. Kd1 Qe7 56. Bc7 h5 57. Bd8 Qf7 58. Qf5+ Kg7 59. gxh5 Be7
60. Bxe7 Qxe7 61. Qg6+ Kf8 62. h6 Qf7 63. Qf5 Kg8 64. Qc8+ Kh7 65. Qxc5 Qh5 66.
Qe7+ Kxh6 67. Qxf6+ Kh7 68. Qf5+ Kh6 69. Qf6+ Kh7 70. Kc1 Qh1+ 71. Kb2 Qe1 72.
Qxg5 Qc3+ 73. Kb1 Qe1+ 74. Qc1 1-0

[Event "14. Lichtenberger Sommer"]
[Site "14. Lichtenberger Sommer"]
[Date "2015.08.23"]
[Round "9.53"]
[White "Brasoy, Aksel"]
[Black "Kapp, Frank"]
[Result "1-0"]
[WhiteElo "1959"]
[BlackElo "1908"]
[PlyCount "149"]
[EventDate "2015.??.??"]
[WhiteTeam "Alta sjakklubb"]
[BlackTeam "TSV IFA Chemnitz"]

1. d4 e6 2. c4 f5 3. g3 Nf6 4. Bg2 d5 5. Nh3 c6 6. Qc2 Bd6 7. O-O O-O 8. Bf4
Ne4 9. f3 Nf6 10. Bxd6 Qxd6 11. e3 dxc4 12. Qxc4 Nd5 13. Qb3 Qb4 14. Qxb4 Nxb4
15. Na3 Nd5 16. Nc2 Na6 17. a3 Bd7 18. e4 fxe4 19. fxe4 Nb6 20. b3 e5 21. dxe5
Rxf1+ 22. Rxf1 Re8 23. Nf4 Rxe5 24. Nd3 Re7 25. Bf3 Be6 26. Nd4 Nd7 27. Nxe6
Rxe6 28. b4 Ne5 29. Nxe5 Rxe5 30. Kf2 Nc7 31. Rd1 Re7 32. Ke3 Kf7 33. Be2 Nd5+
34. Kd4 Nc7 35. Bc4+ Ke8 36. Ke3 Nb5 37. Rd3 g5 38. Bxb5 cxb5 39. Rd5 h6 40.
Rxb5 Kf7 41. Rc5 Ke6 42. h4 Rg7 43. hxg5 hxg5 44. g4 b6 45. Rf5 a6 46. a4 Rg8
47. a5 b5 48. Rc5 Kd6 49. e5+ Ke6 50. Ke4 Rf8 51. Rc6+ Ke7 52. Rxa6 Rf4+ 53.
Kd5 Rxb4 54. Ra7+ Kd8 55. Rb7 Rxg4 56. Rxb5 Rg1 57. Kd6 Rd1+ 58. Rd5 Ra1 59.
Ke6+ Kc8 60. Kf5 Rg1 61. e6 Re1 62. Re5 Rf1+ 63. Kxg5 Kd8 64. Rf5 Re1 65. Kf6
Ke8 66. a6 Ra1 67. Rb5 Rf1+ 68. Ke5 Ra1 69. Rb6 Re1+ 70. Kd6 Rd1+ 71. Kc7 Rc1+
72. Kb7 Kd8 73. a7 Rc7+ 74. Ka6 Rc8 75. Rb8 1-0

[Event "14. Lichtenberger Sommer"]
[Site "14. Lichtenberger Sommer"]
[Date "2015.08.23"]
[Round "9.54"]
[White "Bandsom, Olaf"]
[Black "Thesing, Ansgar"]
[Result "1/2-1/2"]
[WhiteElo "1802"]
[BlackElo "1933"]
[PlyCount "33"]
[EventDate "2015.??.??"]
[WhiteTeam "SC Friesen Lichtenberg"]
[BlackTeam "SC Kreuzberg"]

1. e4 c5 2. Nf3 d6 3. d4 cxd4 4. Nxd4 Nf6 5. Nc3 a6 6. Be2 Nbd7 7. O-O e6 8.
Kh1 Nc5 9. Bf3 e5 10. Nb3 Nxb3 11. axb3 Be6 12. Bg5 Be7 13. Be3 b5 14. Be2 d5
15. exd5 Nxd5 16. Nxd5 Bxd5 17. c4 1/2-1/2

[Event "14. Lichtenberger Sommer"]
[Site "14. Lichtenberger Sommer"]
[Date "2015.08.23"]
[Round "9.55"]
[White "Becker, Jared"]
[Black "Zesewitz, Martin"]
[Result "1-0"]
[WhiteElo "1968"]
[BlackElo "1873"]
[PlyCount "39"]
[EventDate "2015.??.??"]
[WhiteTeam "SC Tarrasch München"]
[BlackTeam "SF Friedrichshagen"]

1. e4 c5 2. Nf3 d6 3. d4 cxd4 4. Nxd4 Nf6 5. Nc3 g6 6. Be3 Bg7 7. f3 O-O 8. Bc4
Nc6 9. Qd2 Bd7 10. O-O-O Ne5 11. Bb3 Rc8 12. g4 Qa5 13. Kb1 Nc4 14. Bxc4 Rxc4
15. h4 Be6 16. h5 Nxh5 17. gxh5 Bxd4 18. Bxd4 g5 19. Nd5 Qxd2 20. Nxe7# 1-0

[Event "14. Lichtenberger Sommer"]
[Site "14. Lichtenberger Sommer"]
[Date "2015.08.23"]
[Round "9.56"]
[White "Rehmsmeier, Marc"]
[Black "Neubart, Thomas"]
[Result "1/2-1/2"]
[WhiteElo "1649"]
[BlackElo "2042"]
[PlyCount "149"]
[EventDate "2015.??.??"]
[WhiteTeam "vereinslos"]
[BlackTeam "Berliner SchGes Eckbauer"]

1. e4 c5 2. c3 g6 3. Nf3 Bg7 4. d4 b6 5. d5 d6 6. Bb5+ Bd7 7. a4 a6 8. Bd3 Nf6
9. Nbd2 O-O 10. O-O Bg4 11. h3 Bxf3 12. Nxf3 Nbd7 13. Qc2 h6 14. Bd2 Re8 15.
Rae1 Ne5 16. Nxe5 dxe5 17. Bc4 g5 18. g3 Qd7 19. Kg2 b5 20. axb5 axb5 21. Be2
Ra4 22. c4 b4 23. Ra1 Rea8 24. Rxa4 Rxa4 25. Be3 Ra5 26. f3 Qd6 27. Rh1 Nh5 28.
h4 Qg6 29. hxg5 hxg5 30. Bf2 Nf6 31. g4 Nd7 32. Be3 f6 33. Bd3 Qe8 34. Kg3 Nf8
35. Qh2 Qc8 36. Bb1 Qc7 37. Qd2 Ra8 38. Bc2 Qa5 39. Bb3 Qc7 40. Rd1 Ra6 41. Qc2
Qa7 42. Rd3 Nd7 43. Qd1 Ra1 44. Qd2 Qa8 45. Qh2 Rb1 46. Rd1 Qa1 47. Rxb1 Qxb1
48. Qc2 Qh1 49. Ba4 Qh4+ 50. Kg2 Nf8 51. Bf2 Qh6 52. Bxc5 Ng6 53. Be3 Nf4+ 54.
Bxf4 exf4 55. b3 f5 56. exf5 Qh4 57. Qf2 Qxf2+ 58. Kxf2 Kf7 59. Ke2 Bd4 60. Kd3
Bc5 61. Ke4 Kf6 62. Bd7 Be3 63. d6 exd6 64. Kd5 Bc5 65. Be6 Ke7 66. Bc8 Kf6 67.
Bd7 Ke7 68. Ba4 Kf6 69. Kc6 Ke7 70. Kc7 Bd4 71. Bd7 Be5 72. Be6 Bd4 73. Kb7 Be3
74. Kc7 Bd4 75. Kc6 1/2-1/2

[Event "14. Lichtenberger Sommer"]
[Site "14. Lichtenberger Sommer"]
[Date "2015.08.23"]
[Round "9.57"]
[White "Alvarez, Luis"]
[Black "Khorolskyi, Borys"]
[Result "0-1"]
[WhiteElo "1853"]
[BlackElo "1936"]
[PlyCount "54"]
[EventDate "2015.??.??"]
[WhiteTeam "Zug um Zug Everswinkel"]
[BlackTeam "vereinslos"]

1. e4 b6 2. Nf3 Bb7 3. Nc3 e6 4. d4 Nf6 5. Bd3 c5 6. O-O d5 7. exd5 Nxd5 8. Re1
Nxc3 9. bxc3 Nd7 10. a4 a6 11. h3 Be7 12. Be3 O-O 13. c4 Bf6 14. Rb1 Bxf3 15.
Qxf3 cxd4 16. Qe4 g6 17. Bxd4 Bxd4 18. Qxd4 Nc5 19. Qa1 a5 20. Red1 Qc7 21. Qa3
Rad8 22. Ra1 Rd4 23. Be2 Rfd8 24. Rxd4 Rxd4 25. Qe3 Re4 26. Qf3 Qe5 27. Re1
Nxa4 0-1

[Event "14. Lichtenberger Sommer"]
[Site "14. Lichtenberger Sommer"]
[Date "2015.08.23"]
[Round "9.58"]
[White "Kievelitz, Bernd"]
[Black "Casny, Guenter"]
[Result "1/2-1/2"]
[WhiteElo "1922"]
[BlackElo "1838"]
[PlyCount "156"]
[EventDate "2015.??.??"]
[WhiteTeam "SC Zitadelle Spandau"]
[BlackTeam "SC Rochade (Berlin)"]

1. Nf3 g6 2. c4 Bg7 3. Nc3 c5 4. g3 Nc6 5. Bg2 a6 6. O-O Nf6 7. d4 cxd4 8. Nxd4
O-O 9. Nc2 d6 10. e4 Ne5 11. Ne3 Be6 12. Ncd5 Rc8 13. Qb3 Bxd5 14. cxd5 Qd7 15.
Bd2 Rc5 16. Bb4 Rcc8 17. a4 h5 18. h3 Qc7 19. Bc3 Ned7 20. Rfe1 Nc5 21. Qc2 a5
22. Rac1 b6 23. f4 Qd7 24. Kh2 Qxa4 25. Qxa4 Nxa4 26. Bd4 Nd7 27. Bxg7 Kxg7 28.
b3 Nac5 29. Rc3 Rb8 30. Nc2 Rfc8 31. Nd4 Ra8 32. e5 Re8 33. Nb5 Rac8 34. exd6
exd6 35. Nxd6 Rxe1 36. Nxc8 Re2 37. Kg1 Rb2 38. Nxb6 Nxb6 39. Rxc5 Rxb3 40.
Rxa5 Rxg3 41. Rc5 Rd3 42. Kf2 Rd2+ 43. Kg1 Rd4 44. Rc6 Nxd5 45. Bxd5 Rxd5 46.
Kg2 Rf5 47. Rc4 h4 48. Kf3 Rh5 49. Rc6 Rb5 50. Kg4 Rf5 51. Rc4 Rh5 52. Rc7 Rh8
53. f5 gxf5+ 54. Kxf5 Rh6 55. Kg5 Rg6+ 56. Kxh4 Rg2 57. Rc3 Kf6 58. Rf3+ Ke6
59. Re3+ Kf6 60. Rf3+ Ke7 61. Re3+ Kf8 62. Rg3 Rf2 63. Rg1 f6 64. Kg3 Rf5 65.
h4 Kf7 66. Rg2 Kg6 67. Rf2 Rb5 68. Rf4 f5 69. Ra4 Rb1 70. Kf3 Rh1 71. Kg2 Rb1
72. Kf3 Kh5 73. Ra5 Re1 74. Kg2 Re4 75. Kg3 Rg4+ 76. Kf3 Kg6 77. Ra6+ Kh5 78.
Ra5 Rxh4 1/2-1/2

[Event "14. Lichtenberger Sommer"]
[Site "14. Lichtenberger Sommer"]
[Date "2015.08.23"]
[Round "9.59"]
[White "Stein, Siegfried"]
[Black "Junge, Wolfgang"]
[Result "1-0"]
[WhiteElo "1713"]
[BlackElo "1896"]
[PlyCount "75"]
[EventDate "2015.??.??"]
[WhiteTeam "SV Berolina Mitte"]
[BlackTeam "SC Friesen Lichtenberg"]

1. b3 Nf6 2. Bb2 e6 3. e3 d5 4. f4 Be7 5. Nf3 Nbd7 6. Bb5 c6 7. Bd3 Nc5 8. Nc3
Nxd3+ 9. cxd3 Nd7 10. O-O Bf6 11. Qc2 g6 12. Rae1 O-O 13. Kh1 Bg7 14. e4 dxe4
15. dxe4 Re8 16. e5 Nb6 17. d4 Nd5 18. Ng5 h6 19. Nge4 Nxc3 20. Qxc3 Qd5 21.
Qg3 Rd8 22. h4 h5 23. Qg5 Qd7 24. Rf3 Kh7 25. Ref1 Rh8 26. Nd6 Bf8 27. f5 exf5
28. Rxf5 gxf5 29. Nxf5 Qxf5 30. Rxf5 Bxf5 31. Qxf5+ Kg8 32. d5 cxd5 33. e6 Rh7
34. Qxd5 Re8 35. Qg5+ Bg7 36. e7 Kh8 37. Ba3 f5 38. Qg6 1-0

[Event "14. Lichtenberger Sommer"]
[Site "14. Lichtenberger Sommer"]
[Date "2015.08.23"]
[Round "9.60"]
[White "Lieder, Günter"]
[Black "Andersen, Jorgen Mosbech"]
[Result "1/2-1/2"]
[WhiteElo "1849"]
[BlackElo "2007"]
[PlyCount "31"]
[EventDate "2015.??.??"]
[WhiteTeam "SK Turm Bad Hersfeld"]
[BlackTeam "Strömmen sjakklubb"]

1. c4 c5 2. Nc3 Nc6 3. g3 e5 4. Bg2 d6 5. d3 g6 6. e4 Bg7 7. Nge2 Nf6 8. O-O
O-O 9. a3 Ne8 10. Nd5 Nc7 11. Nec3 Be6 12. f4 Nd4 13. fxe5 dxe5 14. Be3 Rb8 15.
b4 b6 16. Rb1 1/2-1/2

[Event "14. Lichtenberger Sommer"]
[Site "14. Lichtenberger Sommer"]
[Date "2015.08.23"]
[Round "9.61"]
[White "Schleicher, Janek"]
[Black "Feyer, Leon"]
[Result "0-1"]
[WhiteElo "2029"]
[BlackElo "1783"]
[PlyCount "62"]
[EventDate "2015.??.??"]
[WhiteTeam "SV Bürgel"]
[BlackTeam "SV Empor Berlin"]

1. d4 d5 2. c4 e6 3. Nc3 Nf6 4. cxd5 exd5 5. Bg5 Be7 6. e3 Bf5 7. Qb3 Nbd7 8.
Qxb7 Rb8 9. Qxa7 Rxb2 10. a3 O-O 11. Bb5 Nb6 12. Nge2 Ne4 13. Bxe7 Qxe7 14. Bc6
Qd6 15. Bb7 Nxc3 16. Nxc3 Bd3 17. Ra2 Rb3 18. Kd2 Bc4 19. Rha1 Qg6 20. e4 Qxg2
21. Nxd5 Qxf2+ 22. Kc1 Qxd4 23. Nxb6 Rc3+ 24. Rc2 Rxc2+ 25. Kxc2 Qxa1 26. Nxc4
Qa2+ 27. Nb2 Qe6 28. Bd5 Qd6 29. Qf2 Qxa3 30. Nd3 Qa4+ 31. Kd2 c6 0-1

[Event "14. Lichtenberger Sommer"]
[Site "14. Lichtenberger Sommer"]
[Date "2015.08.23"]
[Round "9.62"]
[White "Genot, Frank"]
[Black "Kornath, Heinrich"]
[Result "1/2-1/2"]
[WhiteElo "1822"]
[BlackElo "1829"]
[PlyCount "94"]
[EventDate "2015.??.??"]
[WhiteTeam "Club du Canal St-Martin Paris"]
[BlackTeam "SG Eckturm (Berlin)"]

1. e4 c5 2. Nc3 e6 3. f4 a6 4. Nf3 b5 5. d3 Bb7 6. g3 Nf6 7. Bg2 b4 8. Ne2 d5
9. e5 Nfd7 10. O-O Nc6 11. c3 a5 12. d4 Ba6 13. Rf2 Nb6 14. f5 Bxe2 15. Rxe2
bxc3 16. bxc3 Qc7 17. fxe6 fxe6 18. Bh3 Nd8 19. Ng5 Qd7 20. Rf2 Be7 21. Qg4
Bxg5 22. Bxg5 cxd4 23. Bxd8 Rxd8 24. cxd4 Nc4 25. Rb1 Rf8 26. Rxf8+ Kxf8 27.
Rf1+ Kg8 28. Qxe6+ Qxe6 29. Bxe6+ Kh8 30. Rf7 Ne3 31. Rf3 Nc2 32. Rd3 Nb4 33.
Ra3 Nc6 34. Ra4 g6 35. Kf2 Kg7 36. Bg4 h5 37. Be2 Rb8 38. Ke3 Kf7 39. h3 Ke6
40. Bd3 g5 41. Be2 h4 42. gxh4 gxh4 43. Bg4+ Ke7 44. Ra3 Rb4 45. Rc3 Nxe5 46.
Be2 Nd7 47. a3 Rb2 1/2-1/2

[Event "14. Lichtenberger Sommer"]
[Site "14. Lichtenberger Sommer"]
[Date "2015.08.23"]
[Round "9.63"]
[White "Geldner, Gerrit"]
[Black "Nam, Seung-Zin"]
[Result "1/2-1/2"]
[WhiteElo "1777"]
[BlackElo "1608"]
[PlyCount "125"]
[EventDate "2015.??.??"]
[WhiteTeam "Schachunion Berlin"]
[BlackTeam "SK Bebenhausen"]

1. c4 e5 2. Nc3 Nc6 3. g3 Bc5 4. Bg2 d6 5. d3 a6 6. Bd2 h5 7. Nf3 Bg4 8. e3 Nb4
9. Qb1 Qf6 10. Ne4 Qf5 11. Nh4 Qd7 12. a3 Nc6 13. Qc2 Ba7 14. Bc3 f6 15. Nd2 g5
16. Nhf3 h4 17. O-O-O h3 18. Bf1 Bf5 19. Be2 Nh6 20. Kb1 Ng4 21. Rdf1 b5 22.
cxb5 axb5 23. Nb3 b4 24. axb4 Rb8 25. Nfd2 Nxb4 26. Bxb4 Rxb4 27. Bxg4 Bxg4 28.
Rc1 c5 29. d4 Bf5 30. e4 Bg6 31. dxc5 d5 32. c6 Qc7 33. f3 Be3 34. Rhe1 Bd4 35.
Qd3 Kf7 36. Rc2 Ra8 37. Kc1 dxe4 38. fxe4 Rd8 39. Qf3 Kg7 40. Rf1 Rd6 41. Nc4
Rxc6 42. Nxd4 exd4 43. b3 Qe7 44. Re1 Qa7 45. Rd1 Ra6 46. Qd3 Ra1+ 47. Kd2
Rxd1+ 48. Kxd1 Qa1+ 49. Kd2 Qg1 50. Qe2 Rxb3 51. Rc1 Qg2 52. Qxg2 hxg2 53. Ke2
Bxe4 54. Nd2 Re3+ 55. Kf2 Bd3 56. Nf3 Re2+ 57. Kg1 Rc2 58. Rxc2 Bxc2 59. Nxd4
Be4 60. Ne2 Kg6 61. Nc3 Ba8 62. Nd1 Kf5 63. Ne3+ 1/2-1/2